Normal view
MARC view
Entry Nombre personal
001 - NÚMERO DE CONTROL
- campo de control: 111697
003 - IDENTIFICADOR DE NÚMERO DE CONTROL
- campo de control: OSt
005 - FECHA Y HORA DE LA ÚLTIMA TRANSACCIÓN
- campo de control: 20260427102117.0
008 - ELEMENTOS DE DATO DE LONGITUD-FIJA
- campo de control de longitud fija: 260427|| aca||aabn | a|a d
024 8# - IDENTIFICADOR DE OTROS ESTÁNDARES
- Número estándar o código: https://historia-hispanica.rah.es/biografias/8159-pedro-bossau-del-rey
040 ## - FUENTE DE CATALOGACIÓN
- Centro catalogador/agencia de origen: M-RABA
046 ## - FECHAS CON CODIFICACIÓN ESPECIAL
- Fecha de la muerte: 1765
- Fecha única o de inicio de la creación: 1806
100 1# - ENCABEZAMIENTO-NOMBRE DE PERSONA
- Nombre de persona: Bossau del Rey, Pedro
- Fechas asociadas al nombre: (1765-1806)
373 ## - GRUPO ASOCIADO
- Grupo asociado: Escultura
374 ## - OCUPACIÓN
- Ocupación: Escultor
375 ## - GÉNERO/SEXO
- Género: Masculino
670 ## - FUENTE DE DATOS ENCONTRADOS
- Cita de la fuente: WWW RAH, 27/04/2026
- Información encontrada: (Bossau del Rey, Pedro)